Obras poéticas completas [de Ramón de Campoamor] : poemas, poesías, fábulas /

-д хадгалсан:
Номзүйн дэлгэрэнгүй
Үндсэн зохиолч: Campoamor, Ramón de (autor)
Формат: Ном
Хэл сонгох:испани
Нөхцлүүд:
Шошгууд: Шошго нэмэх
Шошго байхгүй, Энэхүү баримтыг шошголох эхний хүн болох!

MARC

LEADER 00000nam^a2200000^a^4500
001 000381943
005 20250526000000.0
009 20260310120719.174
037 |a Acervo Xavier Clavigero 
041 |a ESP 
082 |a 861.  |b CAM V. 2 
100 |a Campoamor, Ramón de  |e (autor) 
240 1 1 |a [Obras poéticas completas de Ramón de Campoamor] 
240 1 1 |a [Colón] 
240 1 4 |a [El drama universal] 
240 1 4 |a [El licenciado Torralba] 
240 1 1 |a [Ternezas y flores] 
240 1 1 |a [Ayes del alma, de Ramón de Campoamor] 
240 1 1 |a [Fábulas, de Ramón de Campoamor] 
245 1 0 |a Obras poéticas completas [de Ramón de Campoamor] :  |b poemas, poesías, fábulas /  |c R. de Campoamor. 
264 |a México :  |b Maucci Hermanos,  |c fecha no identificada 
300 |a 438 p. ;  |c 19.5 cm. 
336 |a texto  |b txt  |2 rdacontenido 
337 |a sin mediación  |b n  |2 rdamedio 
338 |a volumen  |b nc  |2 rdasoporte 
501 |a Encuadernación particular 
545 0 |a Eugène Scribe (1791-1861), dramaturgo y libretista de ópera francés quien disfrutó de amplia popularidad y cuyas composiciones se presentaron con éxito en teatros como la Opera de París. Escribió numerosas comedias de vodevil en las que combinó elementos satíricos con observaciones de las costumbres de la clase burguesa de la época. Son obras que se desarrollan en el estilo de la pièces bien-faite, la cual sobrepone la puesta en escena, el ritmo y la construcción del suspenso sobre la crítica social o sobre la elegancia del lenguaje, dando como resultado tramas entretenidas como fugaces. Su prolífica bibliografía consiste en cerca de 150 obras que compuso en conjunto con una variedad de colaboradores, y cuya primera compilación aparece entre 1874 y 1885 en 26 volúmenes. Entre sus comedias más conocidas están Une nuit de la Garde Nationale (1815) Bertrand et Suzette, ou le mariage de raison (1826), El vaso de agua (1840) y Adrienne Lecouvreur (1848), y entre sus libretos de ópera están La dama blanca (1825), Le Comte Ory (1828) o Le prophète (1849). 
561 |a Ex libris de Martín Alvarez Tostado 
561 |a Ex libris de Encuadernación Arreola, Guadalajara Jal. 
562 |a Falta cubierta 
649 |a XX 
650 |a Fábulas Españolas 
650 |a Poesía Española 
650 |a Literatura Española -  |y Siglo XIX 
650 |a Realismo en la Literatura -  |z España 
650 |a Romanticismo (Literatura) -  |z España 
740 0 |a Colón /  |c R. de Campoamor. 
740 3 |a El drama universal /  |c R. de Campoamor. 
740 3 |a El licenciado Torralba /  |c R. de Campoamor. 
740 0 |a Ternezas y flores /  |c R. de Campoamor. 
740 0 |a Ayes del alma /  |c R. de Campoamor. 
740 0 |a Fábulas [de Ramón de Campoamor] /  |c R. de Campoamor. 
910 |a Fondo General 
920 |a Impresos - Libros 
930 |a Libros Antiguos y Raros 
940 |a Literatura 
905 |a 108 
901 |a 058480  |b IT2  |c LRA  |u 20250526 
902 |a https://opac.biblio.iteso.mx/vufind/Record/000381943